[Event "II Abierto Int Villa de Albox"]
[Site "?"]
[Date "2001.07.25"]
[Round "6"]
[White "Jimenez, Francisco"]
[Black "Gomez, Juan Mario"]
[Result "1/2-1/2"]
[WhiteElo "2228"]
[BlackElo "2501"]
[PlyCount "110"]
[EventDate "2001.07.24"]

1. d4 d5 2. Nf3 Nf6 3. g3 Bf5 4. Bg2 e6 5. O-O Be7 6. c4 c6 7. Qb3 Qb6 8. Qxb6
axb6 9. cxd5 exd5 10. Bf4 Nbd7 11. Nc3 O-O 12. a4 Rfe8 13. Nd2 Bb4 14. Rfe1 h6
15. h3 Nh5 16. Bc7 Bc2 17. Bf3 Nhf6 18. Rec1 Bh7 19. Nb3 g5 20. a5 bxa5 21.
Bxa5 Bd6 22. Na4 Be4 23. Nac5 Bxf3 24. exf3 Nxc5 25. dxc5 Be5 26. Bc3 Bxc3 27.
Rxa8 Rxa8 28. Rxc3 28... Ra4 { } 29. Kf1 Nd7 30. Nc1 Rc4 31. Rxc4 dxc4 32. b4
Kg7 33. Ke2 Kf6 34. Ke3 Ke5 35. Ne2 Nb8 36. f4+ gxf4+ 37. gxf4+ Kd5 38. Nc3+
Ke6 39. Kd4 Kf5 40. Ne4 Kxf4 41. Nd6 f6 42. Nxb7 Kf3 43. Nd8 Kxf2 44. Nxc6
Nxc6+ 45. Kxc4 Ke3 46. b5 Ne7 47. c6 f5 48. Kc5 f4 49. b6 f3 50. b7 Nxc6 51.
Kxc6 f2 52. b8=Q f1=Q 53. Qe5+ Kf3 54. Qf5+ Kg2 55. Qxf1+ Kxf1 1/2-1/2

[Event "II Abierto Int Villa de Albox"]
[Site "?"]
[Date "2001.07.25"]
[Round "6"]
[White "Gomez, Salvador"]
[Black "Khamrakulov, Ibragim"]
[Result "0-1"]
[WhiteElo "2196"]
[BlackElo "2485"]
[PlyCount "62"]
[EventDate "2001.07.24"]

1. e4 c5 2. Nf3 a6 3. Nc3 b5 4. d3 Bb7 5. g3 g6 6. Bg2 Bg7 7. O-O d6 8. a4 b4
9. Nd5 e6 10. Ne3 Nc6 11. Rb1 Nge7 12. b3 O-O 13. Bb2 e5 14. Nh4 Nd4 15. f4
15... exf4 { } 16. gxf4 f5 17. Nf3 fxe4 18. Ng5 d5 19. Kh1 Qd6 20. dxe4 Rxf4
21. Rxf4 Qxf4 22. Qg4 Be5 23. Nf3 Nxf3 24. Bxe5 Qxe5 25. Bxf3 dxe4 26. Bg2 Nf5
27. Nc4 Qe6 28. Rd1 Re8 29. Qg5 Qe7 30. Qf4 e3 31. Re1 Nh4 0-1

[Event "II Abierto Int Villa de Albox"]
[Site "?"]
[Date "2001.07.25"]
[Round "6"]
[White "Saldano, Horacio"]
[Black "Korneev, Oleg"]
[Result "1/2-1/2"]
[WhiteElo "2422"]
[BlackElo "2572"]
[PlyCount "49"]
[EventDate "2001.07.24"]

1. d4 d5 2. Nc3 Nf6 3. Bg5 Nbd7 4. Qd3 h6 5. Bh4 e6 6. e4 dxe4 7. Nxe4 c5 8.
Nxf6+ Nxf6 9. dxc5 Qxd3 10. Bxd3 Bxc5 11. Nf3 a6 12. O-O b6 13. Rfe1 Bb7 14.
Bxf6 gxf6 15. Be4 Bxe4 16. Rxe4 f5 17. Ree1 Ke7 18. Ne5 Rhc8 19. Rad1 Rc7 20.
Kf1 Rd8 21. Rxd8 Kxd8 22. Rd1+ Ke7 23. c3 a5 24. Ke2 a4 25. Nf3 { Ilegible}
1/2-1/2

[Event "II Abierto Int Villa de Albox"]
[Site "?"]
[Date "2001.07.25"]
[Round "6"]
[White "Janev, Eugeni"]
[Black "Carrasco, Juan M"]
[Result "1-0"]
[WhiteElo "2493"]
[BlackElo "2341"]
[PlyCount "65"]
[EventDate "2001.07.24"]

1. e4 e6 2. d3 d5 3. Qe2 dxe4 4. dxe4 e5 5. Nf3 Nc6 6. c3 a5 7. Qc2 Nf6 8. Bb5
Bc5 9. O-O Qe7 10. Bg5 O-O 11. Nbd2 Nd8 12. Bh4 Bg4 13. h3 Bh5 14. Rfe1 c6 15.
Bf1 Re8 16. a4 Kh8 17. Rad1 Bb6 18. g4 Bg6 19. Nc4 Bc7 20. Bg3 Qc5 21. Qb1 h5
22. g5 Nh7 23. Rd7 Ne6 24. b4 axb4 25. cxb4 Qf8 26. Ncxe5 Bxe5 27. Nxe5 Nexg5
28. Bg2 Rxa4 29. Rxb7 { } 29... Ra3 30. Qb2 Rea8 31. Nxg6+ fxg6 32. Bd6 Qg8 33.
Rxg7 1-0

[Event "II Abierto Int Villa de Albox"]
[Site "?"]
[Date "2001.07.25"]
[Round "6"]
[White "De La Paz, Frank"]
[Black "Caselas, Jacobo"]
[Result "1-0"]
[WhiteElo "2461"]
[BlackElo "2328"]
[PlyCount "63"]
[EventDate "2001.07.24"]

1. e4 e6 2. d4 d5 3. Nd2 c5 4. Ngf3 Nc6 5. c3 cxd4 6. cxd4 dxe4 7. Nxe4 Be7 8.
Bd3 Nf6 9. a3 O-O 10. Be3 Nd5 11. O-O b6 12. Rc1 Bb7 13. Bb1 Rc8 14. Qd3 g6 15.
Rfd1 Rc7 16. Bh6 Re8 17. Qe2 Bf8 18. Bxf8 Rxf8 19. Qd2 Kg7 20. Ne5 Qe7 21. Ng3
Nf6 22. Rc3 Rfc8 23. Rdc1 Nd5 24. Nxc6 Rxc6 25. Rxc6 Rxc6 26. Re1 Nf6 27. Qg5 {
} 27... Rc7 28. Nf5+ exf5 29. Rxe7 Rxe7 30. Qd2 Bd5 31. h3 h5 32. Bxf5 {
Ilegible} 1-0

[Event "II Abierto Int Villa de Albox"]
[Site "?"]
[Date "2001.07.25"]
[Round "6"]
[White "Manolov, Ivan"]
[Black "Fernandez Siles, Luis"]
[Result "1/2-1/2"]
[WhiteElo "2331"]
[BlackElo "2184"]
[PlyCount "123"]
[EventDate "2001.07.24"]

1. e4 e6 2. d4 d5 3. Nd2 c5 4. exd5 Qxd5 5. Ngf3 cxd4 6. Bc4 Qd6 7. O-O Nf6 8.
Nb3 Nc6 9. Nbxd4 Nxd4 10. Qxd4 Qxd4 11. Nxd4 a6 12. a4 Bd7 13. b3 Bc5 14. Bb2
O-O 15. Be2 Rac8 16. c4 Rfd8 17. Rad1 e5 18. Nf3 e4 19. Nd4 Bg4 20. Bxg4 Nxg4
21. Rfe1 f5 22. h3 Ne5 23. Ne6 Nd3 24. Nxd8 Bxf2+ 25. Kf1 Bxe1 26. Nxb7 Rb8 27.
Nd6 Bb4 28. c5 Bxc5 29. Nc4 Rxb3 30. Ba1 Rb4 31. Ne5 Rxa4 32. Nxd3 exd3 33. Bc3
Bd4 34. Rxd3 Bxc3 35. Rxc3 Kf7 36. Rc6 Ra2 37. Rb6 a5 38. Kg1 a4 39. Ra6 a3 40.
Kh2 f4 41. Kg1 g5 42. h4 gxh4 43. Ra4 Ra1+ 44. Kh2 Kg6 45. Rxf4 Rb1 46. Ra4 Rb3
47. Rxh4 h6 48. Ra4 Kf5 49. Ra6 Ke4 50. Rxh6 { } 50... Kd3 51. Kg3 Kc2+ 52. Kf4
a2 53. Ra6 Kb2 54. Rxa2+ Kxa2 55. g4 Rb8 56. g5 Kb3 57. Ke5 Kc4 58. g6 Rb1 59.
g7 Rg1 60. Kf6 Kd5 61. Kf7 Rxg7+ 62. Kxg7 1/2-1/2

[Event "II Abierto Int Villa de Albox"]
[Site "?"]
[Date "2001.07.25"]
[Round "6"]
[White "Canabate, Francisco"]
[Black "Ferron, Carlos"]
[Result "0-1"]
[WhiteElo "2125"]
[BlackElo "2287"]
[PlyCount "62"]
[EventDate "2001.07.24"]

1. c4 e5 2. g3 Nf6 3. Bg2 d5 4. cxd5 Nxd5 5. Nc3 Nb6 6. Nf3 Nc6 7. O-O Be7 8.
d3 O-O 9. Be3 Be6 10. a3 a5 11. Rc1 f5 12. Na4 e4 13. Ne1 Nd4 14. Nc5 Bxc5 15.
Rxc5 Rf7 16. Bxd4 Qxd4 17. Qc1 c6 18. e3 Qa4 19. dxe4 fxe4 20. Nc2 20... Nd7 { 
} 21. b3 Bxb3 22. Rc3 Bd5 23. Nd4 Ne5 24. Qb1 Raf8 25. Bxe4 Bxe4 26. Qxe4 Nf3+
27. Kh1 c5 28. Rxc5 Nd2 29. Qd5 Nxf1 30. Nf5 Nd2 31. Kg2 Qe4+ 0-1

[Event "II Abierto Int Villa de Albox"]
[Site "?"]
[Date "2001.07.25"]
[Round "6"]
[White "Cardenas, Joaquin"]
[Black "Amate Tortosa, Bernardo"]
[Result "1-0"]
[WhiteElo "2265"]
[BlackElo "1982"]
[PlyCount "177"]
[EventDate "2001.07.24"]

1. e4 c5 2. Nc3 Nc6 3. f4 g6 4. Nf3 Bg7 5. Bb5 Nd4 6. Bd3 d6 7. Nxd4 cxd4 8.
Ne2 e6 9. O-O Ne7 10. Ng3 Nc6 11. a3 O-O 12. b4 f5 13. exf5 gxf5 14. Nh5 Bh8
15. Bb2 Qe8 16. Bc4 Bd7 17. d3 h6 18. Qe2 Kh7 19. Rae1 Qg6 20. Ng3 Rae8 21. Qd2
Rg8 22. Rf2 Bf6 23. b5 Nd8 24. Qb4 Nf7 25. Bb3 e5 26. fxe5 Bxe5 27. Ref1 f4 28.
Bxd4 {} 28... Be6 29. Bxe6 Rxe6 30. Bxe5 dxe5 31. Qe4 Ng5 32. Qxg6+ Rexg6 33.
Ne4 Nh3+ 34. Kh1 Nxf2+ 35. Rxf2 a6 36. a4 Ra8 37. g3 fxg3 38. hxg3 axb5 39.
axb5 Ra2 40. Kg2 Rb2 41. c4 Rxf2+ 42. Kxf2 b6 43. Nc3 Rd6 44. Nd5 Kg6 45. Kf3
Kf5 46. g4+ Kg5 47. Ke4 Kxg4 48. Kxe5 Rg6 49. d4 h5 50. Nf6+ Rxf6 51. Kxf6 h4
52. c5 bxc5 53. dxc5 h3 54. c6 h2 55. c7 h1=Q 56. c8=Q+ Kf4 57. Qc7+ Ke3 58. b6
Qh6+ 59. Ke7 Qg7+ 60. Kd8 Qf8+ 61. Kd7 Qf5+ 62. Kc6 Qe4+ 63. Kb5 Qb1+ 64. Ka6
Qa2+ 65. Kb7 Qd5+ 66. Qc6 Qf7+ 67. Kc8 Qg8+ 68. Kc7 Qh7+ 69. Qd7 Qh2+ 70. Qd6
Qc2+ 71. Kd8 Qb1 72. Qe7+ Kf2 73. b7 Qb6+ 74. Ke8 Qc6+ 75. Kf8 Qh6+ 76. Qg7
Qd6+ 77. Kg8 Ke1 78. Qc3+ Ke2 79. Qb2+ Kf1 80. b8=Q Qe6+ 81. Kf8 Qf5+ 82. Ke7
Qh7+ 83. Ke6 Qh3+ 84. Kd5 Qf3+ 85. Kc4 Qe4+ 86. Qd4 Qc2+ 87. Qc3 Qa2+ 88. Qbb3
Qa6+ 89. Qb5 1-0

[Event "II Abierto Int Villa de Albox"]
[Site "?"]
[Date "2001.07.25"]
[Round "6"]
[White "Cano Sanchez, Josue"]
[Black "Plana Caballero, Miguel"]
[Result "1-0"]
[WhiteElo "2304"]
[BlackElo "1856"]
[PlyCount "75"]
[EventDate "2001.07.24"]

1. d4 d5 2. c4 c6 3. Nc3 Nf6 4. e3 e6 5. Nf3 Bd6 6. Bd3 Nbd7 7. e4 dxe4 8. Nxe4
Nxe4 9. Bxe4 Nf6 10. Bc2 O-O 11. O-O h6 12. b3 Qa5 13. Bb2 Nh7 14. Qd3 f5 15.
a3 Nf6 16. Rfe1 Bd7 17. Ne5 Be8 18. b4 Qc7 19. Bb3 Bxe5 20. dxe5 Rd8 21. Qc2
Ne4 22. Rad1 Bf7 23. f3 Ng5 24. c5 b6 25. Rd6 bxc5 26. bxc5 Rfe8 27. Ba4 Qa5
28. Red1 { } 28... Rb8 29. Bxc6 Rec8 30. Bd4 Qxa3 31. Bd7 Rc7 32. c6 Nxf3+ 33.
gxf3 Qxf3 34. Rf1 Qg4+ 35. Qg2 Qh4 36. Bc5 Rb5 37. Rd4 Qd8 38. Bxe6 1-0

[Event "II Abierto Int Villa de Albox"]
[Site "?"]
[Date "2001.07.26"]
[Round "7"]
[White "Damljanovic, Branco"]
[Black "Lopez, Jose M"]
[Result "1-0"]
[WhiteElo "2549"]
[BlackElo "2448"]
[PlyCount "76"]
[EventDate "2001.07.24"]

1. Nf3 d5 2. g3 c6 3. Bg2 Bg4 4. b3 Nd7 5. Bb2 Ngf6 6. O-O e6 7. d3 Be7 8. Nbd2
O-O 9. a3 a5 10. h3 Bh5 11. e4 h6 12. Qe1 Bg6 13. Nh2 Qb6 14. Kh1 Bc5 15. Nhf3
Bh7 16. Qe2 Rad8 17. b4 Be7 18. Bd4 Qc7 19. Rab1 axb4 20. axb4 Ra8 21. c4 Ra2
22. exd5 cxd5 23. c5 Rfa8 24. Qe3 R8a3 25. Nb3 { } 25... Qc6 26. Nc1 Rc2 27.
Ne1 Rxc1 28. Rxc1 Qb5 29. Bc3 Nb8 30. Qd2 Nc6 31. Nc2 Ra2 32. Ra1 Rxc2 33. Ra8+
Nd8 34. Qxc2 Bxd3 35. Qd1 Ne4 36. Be5 Bxf1 37. Qxf1 Qc6 38. Bd4 Nd2 1-0

[Event "II Abierto Int Villa de Albox"]
[Site "?"]
[Date "2001.07.26"]
[Round "7"]
[White "Del Rio, Salvador"]
[Black "Palac, Mladen"]
[Result "1/2-1/2"]
[WhiteElo "2484"]
[BlackElo "2578"]
[PlyCount "87"]
[EventDate "2001.07.24"]

1. d4 Nf6 2. c4 e6 3. Nf3 d5 4. Nc3 Bb4 5. cxd5 exd5 6. Qa4+ Nc6 7. Ne5 Bd7 8.
Nxd7 Qxd7 9. a3 Bxc3+ 10. bxc3 O-O 11. e3 Qg4 12. Qc2 Na5 13. f3 Qe6 14. Bd3 c5
15. dxc5 Qe7 16. Qa4 Qxc5 17. Qb4 Qc7 18. Rb1 Rfe8 19. O-O Re6 20. Bd2 b6 21.
Rbe1 Nd7 22. Bf5 Rh6 23. g3 Nc4 24. Bc1 Nde5 25. Qb1 Nd6 26. e4 Nxf5 27. exf5
Rc6 28. Bf4 f6 29. Qd1 Rd8 30. Qd4 Rxc3 31. Bxe5 fxe5 32. Rxe5 Qc5 33. Rd1
Qxd4+ 34. Rxd4 Rxa3 35. Re7 Rxf3 36. Rg4 g6 37. fxg6 h6 38. Rxa7 { } 38... d4
39. Ra4 d3 40. Rad4 Rff8 41. g7 Rfe8 42. Rge4 Kxg7 43. Rxd3 Rxe4 44. Rxd8
1/2-1/2

[Event "II Abierto Int Villa de Albox"]
[Site "?"]
[Date "2001.07.26"]
[Round "7"]
[White "Borges, Juan"]
[Black "Belezky, Sasha"]
[Result "1-0"]
[WhiteElo "2429"]
[BlackElo "2398"]
[PlyCount "49"]
[EventDate "2001.07.24"]

1. d4 e6 2. Nf3 Nf6 3. c4 d5 4. Nc3 Be7 5. Bg5 O-O 6. e3 h6 7. Bxf6 Bxf6 8. Qd2
b6 9. O-O-O dxc4 10. Bxc4 Ba6 11. Bxa6 Nxa6 12. g4 c5 13. h4 g6 14. g5 hxg5 15.
hxg5 Bg7 16. Rh4 cxd4 17. exd4 Nb4 18. Kb1 Nd5 19. Ne4 Qc7 20. Rc1 Qb8 21. Ne5
{ } 21... Bxe5 22. dxe5 Qxe5 23. Qxd5 exd5 24. Nf6+ Qxf6 25. gxf6 1-0

[Event "II Abierto Int Villa de Albox"]
[Site "?"]
[Date "2001.07.26"]
[Round "7"]
[White "Komljenovic, Davor"]
[Black "Suba, Mihai"]
[Result "1-0"]
[WhiteElo "2478"]
[BlackElo "2538"]
[PlyCount "23"]
[EventDate "2001.07.24"]

1. d4 Nf6 2. c4 e6 3. Nf3 c5 4. d5 d6 5. Nc3 exd5 6. cxd5 g6 7. g3 Bg7 8. Bg2
O-O 9. O-O Na6 10. Nd2 Nc7 11. Nc4 b6 12. Bf4 {  Ilegible} 1-0

[Event "II Abierto Int Villa de Albox"]
[Site "?"]
[Date "2001.07.26"]
[Round "7"]
[White "Khamrakulov, Ibragim"]
[Black "Strikovic, Aleksa"]
[Result "1-0"]
[WhiteElo "2485"]
[BlackElo "2515"]
[PlyCount "81"]
[EventDate "2001.07.24"]

1. e4 d6 2. d4 Nf6 3. Nc3 e5 4. Nf3 Nbd7 5. Be2 Be7 6. Be3 c6 7. a4 O-O 8. O-O
a5 9. Nd2 Re8 10. Nc4 Qc7 11. Qd2 exd4 12. Qxd4 Ne5 13. Rad1 Nxc4 14. Bxc4 Ng4
15. Bf4 Ne5 16. Bb3 Rd8 17. Qe3 Bf6 18. Rd2 Be6 19. Bxe6 fxe6 20. b3 Qe7 21.
Rfd1 d5 22. Ne2 Re8 23. Bg3 Nf7 24. h3 Bh4 25. Bh2 g6 26. c4 Qb4 27. Qc3 Qb6
28. Bg3 Be7 29. Rd3 { } 29... Ng5 30. exd5 exd5 31. cxd5 Ne4 32. Qc4 Bc5 33.
dxc6+ Kh8 34. b4 Nxg3 35. Nxg3 Bxf2+ 36. Kh1 Qa7 37. Rd7 Re1+ 38. Nf1 Qa6 39.
Rd8+ Kg7 40. R1d7+ Kh6 41. Qf4+ 1-0

[Event "II Abierto Int Villa de Albox"]
[Site "?"]
[Date "2001.07.26"]
[Round "7"]
[White "Gomez, Juan Mario"]
[Black "Vella, Alfonso"]
[Result "1-0"]
[WhiteElo "2501"]
[BlackElo "2194"]
[PlyCount "47"]
[EventDate "2001.07.24"]

1. d4 Nf6 2. Nf3 e6 3. c4 Bb4+ 4. Nbd2 b6 5. a3 Bxd2+ 6. Qxd2 Bb7 7. e3 O-O 8.
Be2 Ne4 9. Qc2 f5 10. O-O d6 11. Nd2 Qg5 12. d5 exd5 13. cxd5 Bxd5 14. Bc4 Bf7
15. Nxe4 fxe4 16. Bxf7+ Rxf7 17. Qxe4 { } 17... d5 18. Qe8+ Rf8 19. Qe6+ Kh8
20. e4 Qh5 21. Qxd5 Na6 22. Be3 Rae8 23. f3 Rd8 24. Qc4 1-0

[Event "II Abierto Int Villa de Albox"]
[Site "?"]
[Date "2001.07.26"]
[Round "7"]
[White "Lorenzini, Martin"]
[Black "Janev, Eugeni"]
[Result "0-1"]
[WhiteElo "2375"]
[BlackElo "2493"]
[PlyCount "80"]
[EventDate "2001.07.24"]

1. e4 Nf6 2. e5 Nd5 3. d4 d6 4. Nf3 Nb6 5. h3 g6 6. Bd3 Bg7 7. Qe2 Nc6 8. c3
O-O 9. O-O Be6 10. Bf4 Qc8 11. Nbd2 a5 12. Ne4 h6 13. Ng3 Bd5 14. Nh4 dxe5 15.
dxe5 Qe6 16. Nhf5 Bxe5 17. Nxh6+ Kh8 18. Qd2 Qd6 19. Bg5 19... Bc4 { } 20. Ng4
Bxd3 21. Rad1 Rad8 22. Rfe1 Bg7 23. Bh6 Rg8 24. b3 f5 25. Qg5 Bf6 26. Nxf6 Qxf6
27. Qe3 Bc2 28. Bg5 Qg7 29. Rc1 Bd3 30. c4 Rd4 31. Rcd1 Rgd8 32. Rd2 R8d7 33.
Bh6 Qf6 34. Red1 f4 35. Bxf4 Qxf4 36. Qxf4 Rxf4 37. Rxd3 Rxd3 38. Rxd3 Rd4 39.
Rxd4 Nxd4 40. Ne4 a4 0-1

[Event "II Abierto Int Villa de Albox"]
[Site "?"]
[Date "2001.07.26"]
[Round "7"]
[White "De La Paz, Frank"]
[Black "Barria, Daniel"]
[Result "1/2-1/2"]
[WhiteElo "2461"]
[BlackElo "2352"]
[PlyCount "27"]
[EventDate "2001.07.24"]

1. e4 d5 2. exd5 Qxd5 3. Nc3 Qa5 4. d4 Nf6 5. Bc4 Nc6 6. Nf3 Bg4 7. h3 Qh5 8.
Be2 O-O-O 9. O-O e5 10. d5 Bxh3 11. gxh3 e4 12. Nh2 Qxh3 13. Qd2 Qh4 14. Qe3 {
Ilegible} 1/2-1/2

[Event "II Abierto Int Villa de Albox"]
[Site "?"]
[Date "2001.07.26"]
[Round "7"]
[White "Navarro, Borja"]
[Black "Minzer, Claudio"]
[Result "1/2-1/2"]
[WhiteElo "2078"]
[BlackElo "2371"]
[PlyCount "82"]
[EventDate "2001.07.24"]

1. d4 Nf6 2. c4 g6 3. Nf3 Bg7 4. g3 O-O 5. Bg2 c5 6. O-O cxd4 7. Nxd4 Nc6 8.
Nc3 Nxd4 9. Qxd4 d6 10. Qd2 Rb8 11. b3 a6 12. Bb2 b5 13. Nd5 Nxd5 14. Bxg7 Kxg7
15. cxd5 Bd7 16. Qd4+ Kg8 17. b4 a5 18. a3 Ra8 19. Rfc1 Qb8 20. Rc2 Rc8 21.
Rac1 Rxc2 22. Rxc2 Qb7 23. e4 f6 24. Bf1 Kf8 25. Qc3 axb4 26. axb4 Ra4 27. Kg2
Qa7 28. Be2 Ke8 29. Bxb5 Bxb5 30. Qc8+ Kf7 31. Rc7 { } 31... Qxc7 32. Qxc7 Rxb4
33. Qc2 Rc4 34. Qb1 Rc5 35. Qb4 Bd3 36. Qd4 Bb5 37. Qe3 Kg7 38. Qa3 Kf7 39. Qe3
Ba4 40. h4 Bc2 41. g4 Rc4 1/2-1/2

[Event "II Abierto Int Villa de Albox"]
[Site "?"]
[Date "2001.07.26"]
[Round "7"]
[White "Ferron, Carlos"]
[Black "Jimenez, Francisco"]
[Result "1-0"]
[WhiteElo "2287"]
[BlackElo "2228"]
[PlyCount "69"]
[EventDate "2001.07.24"]

1. e4 Nf6 2. Nc3 d5 3. e5 Ne4 4. Qf3 Nxc3 5. dxc3 g6 6. Bf4 Bg7 7. O-O-O c6 8.
Kb1 O-O 9. Qg3 Nd7 10. c4 Nc5 11. Qe3 Qa5 12. Bh6 Be6 13. Nf3 dxc4 14. Bxg7 c3
15. b3 Rfd8 16. Nd4 Ne4 17. Bh6 Nd2+ 18. Rxd2 cxd2 19. Bd3 Bd5 20. Qxd2 { }
20... Qc5 21. Be3 Bxg2 22. Rg1 Qd5 23. c4 Qxe5 24. Rxg2 Rxd4 25. Bxd4 Qxd4 26.
Qe3 Qf6 27. f4 Rd8 28. Bc2 Rd4 29. Rf2 c5 30. f5 g5 31. Re2 Rf4 32. Re1 Kf8 33.
Qxc5 Rg4 34. Qxa7 h5 35. Qb8+ 1-0

[Event "II Abierto Int Villa de Albox"]
[Site "?"]
[Date "2001.07.26"]
[Round "7"]
[White "Gutierrez, Oscar"]
[Black "Cardenas, Joaquin"]
[Result "0-1"]
[WhiteElo "2149"]
[BlackElo "2265"]
[PlyCount "70"]
[EventDate "2001.07.24"]

1. e4 c5 2. c3 d5 3. exd5 Qxd5 4. d4 cxd4 5. cxd4 e5 6. Nf3 exd4 7. Qxd4 Qe6+
8. Be3 Nc6 9. Bb5 Bd7 10. Bxc6 Bxc6 11. Ng5 Qg6 12. Nc3 Rd8 13. Qh4 Be7 14. O-O
Nh6 15. f4 Nf5 16. Qf2 O-O 17. Nf3 Nxe3 18. Qxe3 Rd3 19. Qxe7 Bxf3 20. g3 Qb6+
21. Rf2 Bc6 22. Qe2 Re3 23. Qd2 Rd8 24. Qc2 Red3 25. Rd1 Rxd1+ 26. Nxd1 h5 27.
Nc3 h4 28. gxh4 Qe3 29. Qe2 29... Qh3 { } 30. Qh5 30... Re8 31. Ne2 Qd3 32. Ng3
Re1+ 33. Nf1 Qe4 34. Re2 Qh1+ 35. Kf2 Qxf1+ 0-1

[Event "II Abierto Int Villa de Albox"]
[Site "?"]
[Date "2001.07.26"]
[Round "7"]
[White "Navarro, Pablo"]
[Black "Asensio, Fermin"]
[Result "0-1"]
[WhiteElo "2102"]
[BlackElo "2112"]
[PlyCount "118"]
[EventDate "2001.07.24"]

1. d4 d5 2. c4 e6 3. Nf3 c6 4. cxd5 exd5 5. Bg5 Nf6 6. Qc2 Be7 7. Nc3 O-O 8. e3
Nbd7 9. Bd3 Re8 10. O-O Nf8 11. h3 g6 12. Bxf6 Bxf6 13. b4 Ne6 14. Rfd1 Bd7 15.
b5 Rc8 16. bxc6 bxc6 17. Ba6 Rb8 18. Rab1 Qa5 19. Bd3 Bg7 20. Na4 Rec8 21. Rxb8
Rxb8 22. Rc1 Rb4 23. Nc5 Nxc5 24. Qxc5 Qa3 25. Qc3 Qxc3 26. Rxc3 Rb2 27. Ra3
Rb7 28. Kf1 Bf8 29. Rc3 f6 30. Rc2 Rc7 31. Bb5 Bd6 32. Ba4 Kf8 33. Nd2 Ke7 34.
Nb3 Bb4 35. g4 h5 36. f3 hxg4 37. hxg4 Kd6 38. Rh2 c5 39. dxc5+ Bxc5 40. Nxc5
Rxc5 41. Bxd7 Rc1+ 42. Kg2 Rc2+ 43. Kg3 Rxh2 44. Kxh2 Kxd7 45. Kg3 Ke6 46. f4
d4 47. Kf3 Kd5 48. e4+ 48... Kc4 { } 49. e5 fxe5 50. fxe5 Kd5 51. e6 Kxe6 52.
Ke4 Kf6 53. Kxd4 Kg5 54. Ke4 Kxg4 55. a4 g5 56. a5 Kh3 57. Kd5 g4 58. Kc6 g3
59. Kb7 g2 0-1

[Event "II Abierto Int Villa de Albox"]
[Site "?"]
[Date "2001.07.26"]
[Round "7"]
[White "Gomez, Salvador"]
[Black "Sanchez Jerez, Emilio"]
[Result "1/2-1/2"]
[WhiteElo "2196"]
[BlackElo "1812"]
[PlyCount "97"]
[EventDate "2001.07.24"]

1. e4 e6 2. d4 d5 3. exd5 exd5 4. c4 Nf6 5. Nf3 Be7 6. Be2 dxc4 7. Nc3 Be6 8.
Bg5 O-O 9. O-O c6 10. Ne5 Nd5 11. Bxe7 Nxe7 12. Bxc4 Bxc4 13. Nxc4 Na6 14. Ne3
Nc7 15. Qb3 b6 16. d5 Nexd5 17. Rad1 Qf6 18. Nexd5 Nxd5 19. Nxd5 cxd5 20. Rxd5
Rad8 21. Rxd8 Rxd8 22. Rd1 h5 23. Rxd8+ 23... Qxd8 { } 24. g3 Qd4 25. Qc2 g6
26. a3 h4 27. Kg2 Qd7 28. h3 Qd5+ 29. Kh2 Qd4 30. Qe2 a5 31. Kg2 Kg7 32. Kh2 b5
33. Kg2 hxg3 34. fxg3 b4 35. axb4 axb4 36. Qc2 Qe3 37. b3 Qc3 38. Qd1 Kh6 39.
h4 Qe3 40. Qc2 Qd4 41. Kh2 Kg7 42. Qe2 Kf8 43. Qc2 Qc3 44. Qd1 Ke7 45. Qe2+ Kd7
46. Qd1+ Ke6 47. Qe2+ Kd5 48. Qd1+ Ke4 49. Qe2+ 1/2-1/2

[Event "II Abierto Int Villa de Albox"]
[Site "?"]
[Date "2001.07.26"]
[Round "7"]
[White "Fernandez Siles, Luis"]
[Black "Korneev, Oleg"]
[Result "0-1"]
[WhiteElo "2184"]
[BlackElo "2572"]
[PlyCount "76"]
[EventDate "2001.07.24"]

1. e4 c5 2. c3 d5 3. exd5 Qxd5 4. d4 e6 5. Nf3 Nf6 6. Be3 cxd4 7. cxd4 Nc6 8.
Nc3 Qd8 9. a3 Be7 10. Bd3 O-O 11. O-O b6 12. Qe2 Bb7 13. Rad1 Rc8 14. Bb1 Na5
15. Ne5 Nd5 16. Qd3 g6 17. Bh6 Nxc3 18. bxc3 Re8 19. Qh3 Nc4 20. Rfe1 Nxe5 21.
dxe5 Qc7 22. Ba2 Red8 23. Rd4 Bc5 24. Qh4 Be7 25. Qh3 Bc5 26. Qh4 Rxd4 27. cxd4
Be7 28. Qh3 Qd7 29. Rd1 Rd8 30. Qg4 30... Bd5 { } 31. Bb1 Bxa3 32. h4 Bf8 33.
Bg5 h5 34. Qf4 Rc8 35. Rd3 Qb5 36. Rd1 Qe2 37. Rc1 Rxc1+ 38. Qxc1 Qg4 0-1

[Event "II Abierto Int Villa de Albox"]
[Site "?"]
[Date "2001.07.26"]
[Round "7"]
[White "Hernando Rodrigo, Jose Maria"]
[Black "Munoz, Alberto"]
[Result "1-0"]
[WhiteElo "2333"]
[BlackElo "2064"]
[PlyCount "53"]
[EventDate "2001.07.24"]

1. d4 Nf6 2. c4 c5 3. d5 b5 4. cxb5 a6 5. Nc3 axb5 6. e4 b4 7. Nb5 d6 8. Bf4
Nbd7 9. Nf3 Nh5 10. Bg5 Qb6 11. Nd2 g6 12. Nc4 Qb8 13. a4 Bg7 14. Bd3 h6 15.
Be3 Nhf6 16. f4 O-O 17. Qf3 Nb6 18. Nxb6 Qxb6 19. h3 e6 20. dxe6 Bxe6 21. O-O
Bb3 22. a5 Qa6 23. e5 Nd5 24. Bf2 { } 24... dxe5 25. Nc7 Qd6 26. Nxa8 Rxa8 27.
Be4 1-0

[Event "II Abierto Int Villa de Albox"]
[Site "?"]
[Date "2001.07.26"]
[Round "7"]
[White "Manolov, Ivan"]
[Black "Saldano, Horacio"]
[Result "1-0"]
[WhiteElo "2331"]
[BlackElo "2422"]
[PlyCount "50"]
[EventDate "2001.07.24"]

1. e4 g6 2. d4 Bg7 3. Nc3 d6 4. Be3 Nf6 5. h3 O-O 6. Nf3 a6 7. a4 b6 8. Bd3 Bb7
9. O-O e6 10. Qd2 c5 11. dxc5 bxc5 12. Rfe1 Qc7 13. Bh6 Nc6 14. Qg5 Nd4 15. Nd2
d5 16. Bxg7 Kxg7 17. exd5 exd5 18. Qh4 h6 19. Ne2 Ne6 20. c3 Nh5 21. a5 Rad8
22. f3 Rfe8 23. Qf2 d4 24. cxd4 Nhf4 25. Nxf4 25... Qxf4 {  Ilegible} 1-0

[Event "II Abierto Int Villa de Albox"]
[Site "?"]
[Date "2001.07.26"]
[Round "7"]
[White "Villalta Galera, Jandro"]
[Black "Cano Sanchez, Josue"]
[Result "0-1"]
[WhiteElo "1997"]
[BlackElo "2304"]
[PlyCount "102"]
[EventDate "2001.07.24"]

1. e4 d6 2. f4 d5 3. exd5 Qxd5 4. Nc3 Qa5 5. Bc4 Nf6 6. Nf3 Nc6 7. Bb5 Bd7 8.
O-O O-O-O 9. d3 Bg4 10. Bxc6 Qc5+ 11. Kh1 Qxc6 12. Ne5 Bxd1 13. Nxc6 bxc6 14.
Nxd1 e6 15. Be3 a6 16. Nf2 h5 17. Ne4 Ng4 18. Bg1 g6 19. d4 Be7 20. Rae1 Nh6
21. Rf3 Nf5 22. Rd3 h4 23. Bf2 Rd5 24. c4 Rd7 25. Kg1 Kb7 26. Rb3+ Ka7 27. Rd3
Rb8 28. b3 Kb7 29. Kf1 Rbd8 30. Red1 Ng7 31. Rh3 Nh5 32. Be3 c5 33. d5 exd5 34.
Ng5 Bxg5 35. fxg5 dxc4 36. Rxd7 36... Rxd7 { } 37. Bxc5 Rd1+ 38. Ke2 Ra1 39.
Ke3 c3 40. Bd4 c2 41. Bb2 c1=Q+ 42. Bxc1 Rxc1 43. Rxh4 Ng7 44. Rh7 Nf5+ 45. Ke2
Nd6 46. h4 Rc2+ 47. Kf1 Rxa2 48. g4 Rd2 49. h5 Rd4 50. Rxf7 Nxf7 51. hxg6 Nxg5
0-1

[Event "II Abierto Int Villa de Albox"]
[Site "?"]
[Date "2001.07.26"]
[Round "8"]
[White "Palac, Mladen"]
[Black "Komljenovic, Davor"]
[Result "1-0"]
[WhiteElo "2578"]
[BlackElo "2478"]
[PlyCount "36"]
[EventDate "2001.07.24"]

1. e4 g6 2. d4 Bg7 3. Nc3 d6 4. f4 Nf6 5. a3 O-O 6. Nf3 Nc6 7. Be3 Bg4 8. h3
Bxf3 9. Qxf3 e5 10. dxe5 dxe5 11. f5 Nd4 12. Qf2 c6 13. g4 Qb6 14. O-O-O Bh6
15. g5 Bxg5 16. Bxg5 Nb3+ 17. cxb3 Qxf2 18. Bxf6 18... b5 {  Ilegible} 1-0

[Event "II Abierto Int Villa de Albox"]
[Site "?"]
[Date "2001.07.26"]
[Round "8"]
[White "Khamrakulov, Ibragim"]
[Black "Del Rio, Salvador"]
[Result "1-0"]
[WhiteElo "2485"]
[BlackElo "2484"]
[PlyCount "71"]
[EventDate "2001.07.24"]

1. e4 e6 2. d4 d5 3. Nd2 Nc6 4. Ngf3 Nf6 5. e5 Nd7 6. c3 f6 7. exf6 Qxf6 8. Be2
Bd6 9. Nf1 b6 10. Bg5 Qf7 11. Bh4 Ne7 12. Bg3 Nf5 13. Bxd6 cxd6 14. Bd3 O-O 15.
Qd2 h6 16. O-O-O Nf6 17. Qe2 Bd7 18. Ng3 Nxg3 19. hxg3 Bc6 20. Rh4 Ne4 21. Rdh1
Qe7 22. Qe3 b5 23. Rg4 Rf6 24. Bc2 Kf7 25. Bxe4 dxe4 26. Nd2 d5 27. f3 b4 28.
c4 dxc4 29. Nxc4 exf3 30. gxf3 Bd5 31. Ne5+ Kg8 32. Rxh6 Rxh6 33. Qxh6 Bxa2 34.
Kd2 { } 34... Rc8 35. Qh8+ Kxh8 36. Ng6+ 1-0